Les villes européennes (sauf France) dans le titre de films - Statistiques

Statistiques générales
  • Ce quiz a été pris 256 fois
  • Le résultat moyen est 9 sur 17
Statistiques - réponses
Titre Ville % Correct
Twist again à .... Moscou
84%
.... ville ouverte Rome
77%
Le grand ... hôtel Budapest
74%
Seul dans ... Berlin
72%
La Petite .... Venise
68%
Mourir à ... Madrid
66%
Gens de .... Dublin
51%
Un train de nuit pour ... Lisbonne
51%
Miracle à .... Milan
49%
... 31 aoüt Oslo
49%
Bons baisers d' .... Athènes
48%
La duchesse de ... Varsovie
46%
C'est arrivé à .... Naples
41%
Bons baisers de .... Bruges
36%
Le miracle de .... Berne
30%
La maladie de ... Hambourg
25%
De Mayerling à ... Sarajevo
21%
Aucun quiz correspondant
Distribution des résultats
% des personnes avec chaque résultat
Percentile par nombre de réponses
Votre historique - résultats
Vous n’avez pas pris ce quiz